Financial statement analysis (Record no. 15173)
[ view plain ]
| 000 -LEADER | |
|---|---|
| fixed length control field | 00653nam a22002177a 4500 |
| 003 - CONTROL NUMBER IDENTIFIER | |
| control field | OSt |
| 005 - DATE AND TIME OF LATEST TRANSACTION | |
| control field | 20170518095511.0 |
| 008 - FIXED-LENGTH DATA ELEMENTS--GENERAL INFORMATION | |
| fixed length control field | 160118b xxu||||| |||| 00| 0 eng d |
| 040 ## - CATALOGING SOURCE | |
| Original cataloging agency | mmu |
| Language of cataloging | eng |
| Transcribing agency | mmu |
| 050 ## - LIBRARY OF CONGRESS CALL NUMBER | |
| Classification number | HF5681 .B2B46 2004 |
| 100 ## - MAIN ENTRY--PERSONAL NAME | |
| 9 (RLIN) | 403 |
| Personal name | Wild John J. |
| 245 ## - TITLE STATEMENT | |
| Title | Financial statement analysis |
| Statement of responsibility, etc. | John J. Wild |
| 260 ## - PUBLICATION, DISTRIBUTION, ETC. (IMPRINT) | |
| Place of publication, distribution, etc. | New York: |
| Name of publisher, distributor, etc. | McGraw Hill, |
| Date of publication, distribution, etc. | 2004 |
| 300 ## - PHYSICAL DESCRIPTION | |
| Extent | xix,673p.;ill |
| 500 ## - GENERAL NOTE | |
| General note | Includes bibliography and index. |
| 500 ## - GENERAL NOTE | |
| General note | Includes bibliography and index. |
| 650 #0 - SUBJECT ADDED ENTRY--TOPICAL TERM | |
| Topical term or geographic name as entry element | Financial statement |
| 9 (RLIN) | 404 |
| 700 ## - ADDED ENTRY--PERSONAL NAME | |
| Personal name | Roboert F. Halsey |
| 9 (RLIN) | 406 |
| 942 ## - ADDED ENTRY ELEMENTS (KOHA) | |
| Source of classification or shelving scheme | Library of Congress Classification |
| Koha item type | L |
| Edition | 8th ed. |
| 980 ## - EQUIVALENCE OR CROSS-REFERENCE-SERIES STATEMENT--PERSONAL NAME/TITLE [LOCAL, CANADA] | |
| Personal name | ^d20150529 11:33:36^oanne |
No items available.